The Patient's Internet Handbook (Record no. 4534)

MARC details
000 -LEADER
fixed length control field 00572nam a22002057a 4500
003 - CONTROL NUMBER IDENTIFIER
control field OSt
005 - DATE AND TIME OF LATEST TRANSACTION
control field 20160628193535.0
008 - FIXED-LENGTH DATA ELEMENTS--GENERAL INFORMATION
fixed length control field 160628b xxu||||| |||| 00| 0 eng d
020 ## - INTERNATIONAL STANDARD BOOK NUMBER
International Standard Book Number 1853154989
040 ## - CATALOGING SOURCE
Transcribing agency DNLM
082 ## - DEWEY DECIMAL CLASSIFICATION NUMBER
Classification number W85 K552p 2002
100 ## - MAIN ENTRY--PERSONAL NAME
Personal name Kiley, Robert; Graham, Elizabeth
9 (RLIN) 9722
245 ## - TITLE STATEMENT
Title The Patient's Internet Handbook
260 ## - PUBLICATION, DISTRIBUTION, ETC. (IMPRINT)
Place of publication, distribution, etc. USA; Royal Society of Medicene Press, 2002
300 ## - PHYSICAL DESCRIPTION
Extent xiv,302p; col.ill: 23.5cm
504 ## - BIBLIOGRAPHY, ETC. NOTE
Bibliography, etc Index included
650 ## - SUBJECT ADDED ENTRY--TOPICAL TERM
Topical term or geographic name as entry element Patient's information
9 (RLIN) 9723
650 ## - SUBJECT ADDED ENTRY--TOPICAL TERM
Topical term or geographic name as entry element Medical guide
9 (RLIN) 9724
942 ## - ADDED ENTRY ELEMENTS (KOHA)
Source of classification or shelving scheme Other/Generic Classification Scheme
Koha item type Open Shelf
Holdings
Withdrawn status Lost status Source of classification or shelving scheme Damaged status Not for loan Home library Current library Date acquired Source of acquisition Inventory number Total Checkouts Full call number Barcode Date last seen Koha item type
    Other/Generic Classification Scheme     MUST Main Library MUST Main Library 28/06/2016 Purchase 06/27492   W85 K552p 2002 2016-2834 28/06/2016 Open Shelf
    Other/Generic Classification Scheme     MUST Main Library MUST Main Library 04/10/2022 Donation 06/26385   W85 K552p 2002 2022-8018 04/10/2022 Open Shelf